Физика минералов: сборник статей; пер. с англ., нем. и фр.

Bibliografske podrobnosti
Drugi avtorji: Марфунин А. С. Арнольд Сергеевич (редактор)
Jezik:ruščina
Izdano: Москва, Мир, 1964
Teme:
Format: MixedMaterials Knjiga
KOHA link:https://koha.lib.tpu.ru/cgi-bin/koha/opac-detail.pl?biblionumber=81579

MARC

LEADER 00000nam0a2200000 4500
001 81579
005 20231101213159.0
035 |a (RuTPU)RU\TPU\book\87687 
090 |a 81579 
100 |a 20050921d1964 k y0rusy50 ca 
101 1 |a rus  |c eng  |c fre  |c ger 
102 |a RU 
105 |a a z 001zy 
200 1 |a Физика минералов  |e сборник статей  |e пер. с англ., нем. и фр.  |f под ред. А. С. Марфунина 
210 |a Москва  |c Мир  |d 1964 
215 |a 422 с.  |c ил. 
320 |a Библиогр. в конце статей 
606 1 |a Минералы  |x Физические свойства  |2 stltpush  |3 (RuTPU)RU\TPU\subj\72201  |9 85772 
610 1 |a физика 
610 1 |a сборники 
610 1 |a инфракрасная спектроскопия 
610 1 |a микроскопия 
610 1 |a ядерный резонанс 
675 |a 549:53  |v 3 
702 1 |a Марфунин  |b А. С.  |g Арнольд Сергеевич  |4 340 
801 1 |a RU  |b 63413507  |c 20050921  |g PSBO 
801 2 |a RU  |b 63413507  |c 20150129  |g PSBO 
942 |c BK